000 01300nam0a2200373 4500
001 RU\NLR\bibl\384371
005 20250622154624.0
010 _a5-8441-0061-1
_bВ пер.
_92000
021 _aRU
_b2003-4306
_9197
035 _a(NLR Aleph) 000378757
090 _a442140
_c442140
100 _a20030304d2002 |||y0rusy50 ca
101 0 _arus
102 _aRU
105 _aa |||||||||
200 1 _aНейроортопедия
_fА. А. Рогова
210 _aНовокузнецк
_cНовокузнец. полиграфкомбинат
_d2002
215 _a163 с.
_cил.
_d30
320 _aБиблиогр.: с. 161-162
606 0 _aНейроортопедия
_91537216
_3RU\NLR\auth\66670007
610 0 _aНервы опорно-двигательного аппарата - Болезни
610 0 _aОпорно-двигательный аппарат - Патология
675 _a616.833-089.28
_v3
_zrus
686 _a76.29
_2rugasnti
686 _a56.12
_2rubbk
686 _aР458.2-262
686 _aР62-248
700 1 _aРогова
_bА. А.
_gАлександра Алексеевна
_4070
801 0 _aRU
_bRKP
_c20030304
_gPSBO
801 1 _aRU
_bRKP
_c20030304
801 2 _aRU
_bNLR
_c20030417
_grcr
942 _cBOOK
980 _aNB